000 00638nam a2200253Ia 4500
003 OSt
005 20221007110018.0
006 a|||||r|||| 00| 0
007 ta
008 221006b |||||||| |||| 00| 0 eng d
024 _a20,129
037 _cTextual
040 _aLCO
_cLCO
_beng
041 _2eng
_aeng
082 _aZ2,128, K9
100 _aMitra B.B
_9346001
245 0 _aGuardians and Wards Act
250 _a11th
260 _aCalcutta
_bEastern Law House India
_c1969
300 _a442
650 _aGUARDIANS ACT
_9707021
942 _hZ2,128, K9
_cTEXL
999 _c1189692
_d1189692